Statistics for 2018 Austrian Darts Open Countries

Click here to take the quiz!

General Stats

  • This quiz has been taken 21 times
  • The average score is 12 of 14

Answer Stats

Marquee PlayerNumber of PlayersCountry% Correct
Simon Whitlock1Australia
100%
Mensur Suljovic6Austria
100%
Dimitri van den Bergh2Belgium
100%
Rob Cross18England
100%
Max Hopp4Germany
100%
Steve Lennon2Ireland
100%
Daryl Gurney2Northern Ireland
100%
Peter Wright3Scotland
100%
Cristo Reyes1Spain
100%
Gerwyn Price3Wales
100%
Jelle Klaasen3Netherlands
95%
Darius Labanauskas1Lithuania
79%
Tamas Alexits1Hungary
58%
Daniel Moore1eSwatini
11%

Score Distribution

Percentile by Number Answered

Percent of People with Each Score

Your Score History

You have not taken this quiz